Die Grundzüge der technischen Wärmelehre /

Uloženo v:
Podrobná bibliografie
Hlavní autoři: Puschmann, Gustav, Dipl.-Ing (Autor), Drath, Raimund, Dr.-Ing (Autor)
Médium: Kniha
Jazyk:němčina
Vydáno: Leipzig : VEB Fachbuchverlag, 1977
Vydání:24., verbesserte Auflage
Témata:
On-line přístup: Získat plný text
Tagy: Přidat tag
Žádné tagy, Buďte první, kdo vytvoří štítek k tomuto záznamu!

MARC

LEADER 00000nam a22000007a 4500
005 20250904085952.0
008 250901s1977 ge ad||f |||| 001 0 ger d
020 |q (viaz.) 
040 |a CVT  |b slo  |c CVT  |d CVT  |e AACR2 
041 0 |a ger 
044 |a ge  |c DE 
072 7 |2 CVT  |a 536 
080 1 |a 536  |2 2011 
100 1 |a Puschmann, Gustav,  |c Dipl.-Ing.  |4 aut 
245 1 4 |a Die Grundzüge der technischen Wärmelehre /  |c Gustav Puschmann, Raimund Drath 
250 |a 24., verbesserte Auflage 
260 |a Leipzig :  |b VEB Fachbuchverlag,  |c 1977 
300 |a 391 s. :  |b grafy, ilustr., lit., tab. ;  |c 24 cm +  |e 4 l. 
504 |a Literatúra na s. 366 ; poznámky ; vecný register 
653 |a termodynamika 
700 1 T |a Drath, Raimund,  |c Dr.-Ing.  |4 aut 
910 |b A367693 
959 |a 09 
974 |a Katarína Repatá  |b Rita Zubonyaiová 
992 |a AMG 
999 |c 303777  |d 303777